| 000 | 00380 a2200169 4500 | ||
|---|---|---|---|
| 001 | 183114 | ||
| 020 | _a85-209-0118-2 | ||
| 040 | _cMagnum | ||
| 100 | _aVentura, Zuenir | ||
| 240 | 1 | 0 |
_a1968 O ano que não terminou _lpor |
| 245 | 1 | 0 | _a1968 O ano que não terminou |
| 300 | _a314 | ||
| 362 | 0 | _a1988 | |
| 440 | 1 | _aNova Fronteira | |
| 697 | _aLITERATURA GERAL | ||
| 942 | _cBK | ||
| 999 |
_c183114 _d183114 |
||